000 00653nam a2200217 a 4500
005 20231130063621.0
008 010725s1989 mx r 000 0 eng d
020 _a9686346031
035 _aUPN01000110073
049 _aCG
050 4 _aZ52.5 M5
_bN4.2
100 1 _aNeibauer, Alan R.
245 1 3 _aEl ABC del microsoft word /
_cAlan R. Neibauer ; tr. Jaime Valls Cabrera.
260 _aMéxico :
_bVentura,
_cc1989.
300 _a273 p. :
_bil.
500 _a"Versión 4.0"
534 _pTraducción de:
_tThe ABC's of microsoft word
650 4 _aWORD (ARCHIVO PARA COMPUTADORA)
_91069
650 2 _aProcesador de textos
_96132
905 _aLibro
999 _c83982
_d83982